[Event "FIDE World Bl Team Pool A"]
[Site "London ENG"]
[Date "2025.06.14"]
[Round "11.4"]
[White "Mesropov, Konstantin"]
[Black "Stein, Theodor"]
[Result "1-0"]
[WhiteTitle "IM"]
[WhiteElo "2458"]
[BlackElo "1877"]
[WhiteTeam "Global Ramblers"]
[BlackTeam "Berlin Lasker Legends"]
[WhiteFideId "4116887"]
[BlackFideId "34602801"]
[EventDate "2025.06.14"]
[EventType "team"]

1. d4 d6 2. Bf4 Nf6 3. e3 g6 4. Nf3 Bg7 5. h3 O-O 6. Be2 c5 7. c3 Nc6 8. Nbd2
cxd4 9. exd4 a6 10. O-O Bf5 11. Re1 Rc8 12. Bf1 b5 13. a4 Rb8 14. axb5 axb5 15.
Nb3 b4 16. c4 Re8 17. d5 Ne5 18. Nxe5 dxe5 19. Bxe5 Rc8 20. Nd4 Bd7 21. Ra6 Ra8
22. Rxa8 Qxa8 23. Qb3 e6 24. dxe6 Bxe6 25. Qxb4 Qc8 26. b3 Bf8 27. Qc3 Nd7 28.
Nxe6 Rxe6 29. Bd4 Rxe1 30. Qxe1 Nc5 31. Qe5 f6 32. Qxf6 Qe6 33. Qxe6+ Nxe6 34.
Be3 Kf7 35. Be2 Bb4 36. Bg4 Nc5 37. Bd1 Nd3 38. Bc2 Nc5 39. f3 Ke6 40. Kf2 Nd7
41. Bd4 Bc5 42. Ke3 Kd6 43. h4 Bb4 44. h5 gxh5 45. Bxh7 Nc5 46. Bc2 Ba3 47. Bc3
Bc1+ 48. Ke2 Ke6 49. b4 Nd7 50. Bb3 Bf4 51. c5+ Ke7 52. Bd4 h4 53. Bc4 Nb8 54.
b5 Kd7 55. Kd3 Kc7 56. Ke4 Bg3 57. Be5+ Bxe5 58. Kxe5 Nd7+ 59. Kd4 Nf6 60. Be6
Nh5 61. b6+ Kb8 62. c6 Nf4 63. c7+ Kb7 64. c8=Q+ 1-0

[Event "FIDE World Bl Team Pool A"]
[Site "London ENG"]
[Date "2025.06.14"]
[Round "11.5"]
[White "Ho, Ngoc Hai-Dang"]
[Black "Badelka, Olga"]
[Result "0-1"]
[BlackTitle "IM"]
[WhiteElo "1932"]
[BlackElo "2424"]
[WhiteTeam "Berlin Lasker Legends"]
[BlackTeam "Global Ramblers"]
[WhiteFideId "16206509"]
[BlackFideId "13509926"]
[EventDate "2025.06.14"]
[EventType "team"]

1. e4 e6 2. b3 d5 3. Bb2 dxe4 4. Nc3 Nf6 5. Qe2 Be7 6. O-O-O O-O 7. Nxe4 Nxe4 8.
Qxe4 Bf6 9. d4 a5 10. Bd3 g6 11. a4 Nc6 12. Nf3 Nb4 13. h4 Qd5 14. h5 Nxd3+ 15.
Qxd3 Qf5 16. hxg6 fxg6 17. Qc4 Ra6 18. d5 exd5 19. Rxd5 Bxb2+ 20. Kxb2 Qf6+ 21.
Qd4 Qxd4+ 22. Rxd4 Raf6 23. Ng5 h5 24. Ne4 Rc6 25. f3 Bf5 26. Re1 Kg7 27. Nc3
Re6 28. Rd7+ Rf7 29. Rxf7+ Kxf7 30. Rxe6 Kxe6 31. Ne2 Ke5 32. Kc3 h4 33. Kd2 g5
34. c3 c5 35. Nc1 Kf4 36. Ne2+ Ke5 37. Nc1 b6 38. Ne2 Be6 39. Nc1 g4 40. fxg4
Kf4 41. g5 Kxg5 42. Ke3 Kg4 43. Kf2 Kf4 44. Nd3+ Ke4 45. Nc1 c4 46. bxc4 Bxc4
47. g3 hxg3+ 48. Kxg3 Ke5 0-1

[Event "FIDE World Bl Team Pool A"]
[Site "London ENG"]
[Date "2025.06.14"]
[Round "11.6"]
[White "Volkov, Leonid"]
[Black "Schuster, Rebekka"]
[Result "1-0"]
[WhiteElo "1828"]
[BlackElo "1806"]
[WhiteTeam "Global Ramblers"]
[BlackTeam "Berlin Lasker Legends"]
[WhiteFideId "12848140"]
[BlackFideId "24674095"]
[EventDate "2025.06.14"]
[EventType "team"]

1. e4 e6 2. Nf3 d5 3. exd5 exd5 4. d4 Bd6 5. Bd3 Bg4 6. h3 Bh5 7. O-O Ne7 8. Re1
Nc6 9. c3 Qd7 10. Nbd2 O-O-O 11. b4 Kb8 12. a4 Bg6 13. Bf1 Nf5 14. Nb3 Rde8 15.
b5 Nd8 16. Nc5 Ne6 17. Nxd7+ 1-0

[Event "FIDE World Bl Team Pool A"]
[Site "London ENG"]
[Date "2025.06.14"]
[Round "12.1"]
[White "Eren, Ataberk"]
[Black "Nepomniachtchi, Ian"]
[Result "0-1"]
[WhiteTitle "IM"]
[BlackTitle "GM"]
[WhiteElo "2423"]
[BlackElo "2757"]
[WhiteTeam "Satranc Istanbul"]
[BlackTeam "WR Chess Team"]
[WhiteFideId "6349765"]
[BlackFideId "4168119"]
[EventDate "2025.06.14"]
[EventType "team"]

1. e4 e6 2. d4 d5 3. Nd2 a5 4. Ngf3 a4 5. a3 c5 6. exd5 exd5 7. Bb5+ Bd7 8.
Bxd7+ Nxd7 9. O-O Ngf6 10. c4 Be7 11. cxd5 Nxd5 12. Ne4 O-O 13. dxc5 Nxc5 14.
Nxc5 Bxc5 15. Qc2 Qb6 16. Ng5 g6 17. Ne4 Bd4 18. Rb1 Rfc8 19. Qd1 Rd8 20. Qf3 f5
21. Ng5 Nf6 22. Be3 Bxe3 23. Qxe3 Qxe3 24. fxe3 Rd2 25. Rbc1 Rxb2 26. Rfd1 h6
27. Nf3 Rf8 28. Rc7 Rf7 29. Rc8+ Kg7 30. Nd4 Re7 31. h3 Ne4 32. Rdc1 h5 33. R1c7
Rxc7 34. Rxc7+ Kf6 35. h4 Ng3 36. Rc4 Rb1+ 37. Kh2 Nf1+ 38. Kh3 Nxe3 39. Rxa4 f4
40. Kh2 Ng4+ 0-1

[Event "FIDE World Bl Team Pool A"]
[Site "London ENG"]
[Date "2025.06.14"]
[Round "12.2"]
[White "Vachier-Lagrave, Maxime"]
[Black "Makaraci, Tunahan"]
[Result "1-0"]
[WhiteTitle "GM"]
[BlackTitle "FM"]
[WhiteElo "2736"]
[BlackElo "2233"]
[WhiteTeam "WR Chess Team"]
[BlackTeam "Satranc Istanbul"]
[WhiteFideId "623539"]
[BlackFideId "6356559"]
[EventDate "2025.06.14"]
[EventType "team"]

1. e4 c5 2. Nf3 d6 3. Bb5+ Nc6 4. O-O Bd7 5. c3 Nf6 6. Re1 a6 7. Bxc6 Bxc6 8. d4
Bxe4 9. Bg5 Bc6 10. Bxf6 gxf6 11. d5 Bd7 12. Nbd2 e5 13. a4 Be7 14. Nc4 b5 15.
axb5 axb5 16. Rxa8 Qxa8 17. Nb6 Qb7 18. Nxd7 Qxd7 19. Nh4 f5 20. Qh5 Bxh4 21.
Qxh4 Qe7 22. Qh6 f6 23. Ra1 Kf7 24. Qh5+ Kg7 25. Qxf5 Rd8 26. h4 Rd7 27. Qg4+
Kf7 28. h5 Ra7 29. Qe6+ Kg7 30. Rxa7 Qxa7 31. Qxd6 Qa1+ 32. Kh2 Qc1 33. Qe7+ Kg8
34. Qxf6 e4 35. h6 1-0

[Event "FIDE World Bl Team Pool A"]
[Site "London ENG"]
[Date "2025.06.14"]
[Round "12.3"]
[White "Eken, Atakan"]
[Black "So, Wesley"]
[Result "0-1"]
[BlackTitle "GM"]
[WhiteElo "2010"]
[BlackElo "2745"]
[WhiteTeam "Satranc Istanbul"]
[BlackTeam "WR Chess Team"]
[WhiteFideId "6375626"]
[BlackFideId "5202213"]
[EventDate "2025.06.14"]
[EventType "team"]

1. d4 Nf6 2. Nf3 d5 3. c4 e6 4. cxd5 exd5 5. Nc3 c6 6. Bg5 h6 7. Bh4 Bf5 8. e3
Nbd7 9. Bd3 Bxd3 10. Qxd3 Be7 11. O-O O-O 12. Rfe1 Re8 13. a3 a5 14. h3 Ne4 15.
Bxe7 Rxe7 16. Nd2 Ndf6 17. Ndxe4 dxe4 18. Qc4 a4 19. Rad1 Ra5 20. Qb4 Rg5 21. d5
Nxd5 22. Nxd5 cxd5 23. Qxa4 Re6 24. Kh1 Qf6 25. Rd2 Qf5 26. Qa8+ Kh7 27. Qc8
Rxg2 28. Qxe6 fxe6 29. Kxg2 Kg6 30. Kh2 Qe5+ 31. Kg2 Kh5 32. Rg1 g5 33. Rc2 Kh4
34. b4 h5 35. Kf1 Qa1+ 36. Kg2 Qxa3 37. Rc7 Qxb4 38. Rg7 Qb2 39. Rg6 Qe5 40. Kf1
Qa1+ 41. Kg2 Qe5 42. Kf1 d4 43. exd4 Qb5+ 44. Kg2 Qf5 45. Rg8 Qxh3# 0-1

[Event "FIDE World Bl Team Pool A"]
[Site "London ENG"]
[Date "2025.06.14"]
[Round "12.4"]
[White "Duda, Jan-Krzysztof"]
[Black "Tahaoglu, Ugur Barkin"]
[Result "1-0"]
[WhiteTitle "GM"]
[WhiteElo "2725"]
[BlackElo "2015"]
[WhiteTeam "WR Chess Team"]
[BlackTeam "Satranc Istanbul"]
[WhiteFideId "1170546"]
[BlackFideId "6303331"]
[EventDate "2025.06.14"]
[EventType "team"]

1. e4 e5 2. Nf3 Nc6 3. Bc4 Nf6 4. d3 h6 5. c3 d6 6. a4 g6 7. O-O Bg7 8. Re1 O-O
9. Nbd2 Kh8 10. Bb3 Nh7 11. Nf1 f5 12. exf5 gxf5 13. d4 e4 14. N3d2 d5 15. Ne3
Ne7 16. f4 c6 17. Re2 Rg8 18. Ndf1 Ng6 19. Rf2 Be6 20. Ng3 Nh4 21. Qh5 Rf8 22.
a5 Bf7 23. Qe2 a6 24. Nexf5 Nxf5 25. Nxf5 Qf6 26. Ne3 Rg8 27. Bd2 Be6 28. f5 Bf7
29. Ng4 Qh4 30. Ne5 Bh5 31. Qe3 Bxe5 32. dxe5 Ng5 33. Kh1 Nf3 34. Qxh6# 1-0

[Event "FIDE World Bl Team Pool A"]
[Site "London ENG"]
[Date "2025.06.14"]
[Round "12.5"]
[White "Kalender, Murat Emre"]
[Black "Kosteniuk, Alexandra"]
[Result "0-1"]
[BlackTitle "GM"]
[WhiteElo "1782"]
[BlackElo "2474"]
[WhiteTeam "Satranc Istanbul"]
[BlackTeam "WR Chess Team"]
[WhiteFideId "34531815"]
[BlackFideId "4128125"]
[EventDate "2025.06.14"]
[EventType "team"]

1. d4 f5 2. Nc3 Nf6 3. Bg5 d5 4. Nf3 c6 5. e3 Be6 6. Bd3 Nbd7 7. O-O g6 8. Re1
Bg7 9. Qd2 Ne4 10. Qe2 h6 11. Bf4 g5 12. Bg3 O-O 13. Ne5 Nxg3 14. hxg3 Nxe5 15.
dxe5 Bxe5 16. Qh5 Bg7 17. Ne2 Qe8 18. Qxe8 Raxe8 19. Nd4 Bd7 20. c3 e5 21. Nb3
e4 22. Be2 f4 23. gxf4 gxf4 24. exf4 Rxf4 25. f3 b6 26. Rad1 Bf6 27. Nd4 Bh4 28.
Rf1 c5 29. Nc2 Bc6 30. b4 Bg3 31. fxe4 Rfxe4 32. Bf3 Rh4 33. Bxd5+ Bxd5 34. Rxd5
Bh2+ 35. Kf2 Rf4# 0-1

[Event "FIDE World Bl Team Pool A"]
[Site "London ENG"]
[Date "2025.06.14"]
[Round "12.1"]
[White "Khoury, Theo"]
[Black "Eilenberg, Jonas"]
[Result "1-0"]
[WhiteTitle "CM"]
[BlackTitle "FM"]
[WhiteElo "2209"]
[BlackElo "2316"]
[WhiteTeam "Chess Trust Accelerators"]
[BlackTeam "Berlin Lasker Legends"]
[WhiteFideId "480703"]
[BlackFideId "16204271"]
[EventDate "2025.06.14"]
[EventType "team"]

1. e4 e5 2. Nf3 Nc6 3. Bc4 Nf6 4. d3 h6 5. c3 d6 6. Nbd2 g5 7. Qb3 Qe7 8. a4 Bg7
9. a5 O-O 10. O-O a6 11. Re1 Nh5 12. Nf1 g4 13. N3d2 Kh8 14. Ne3 Nd8 15. Ndf1 c6
16. Ng3 Nxg3 17. hxg3 Be6 18. Bxe6 fxe6 19. Nxg4 h5 20. Nh2 Qf6 21. Nf3 Rb8 22.
Bg5 Qg6 23. Bh4 Nf7 24. Qd1 Nh6 25. Qd2 Ng4 26. Qg5 Qf7 27. Qe7 d5 28. Qxf7 Rxf7
29. Re2 Re8 30. Ng5 Rd7 31. exd5 exd5 32. Rae1 Kg8 33. f3 Nh6 34. d4 c5 35. dxe5
d4 36. e6 Rd5 37. cxd4 cxd4 38. Rc2 d3 39. Rc7 d2 40. Rd1 Nf5 41. Ne4 Rxe6 42.
Rxd2 Rxd2 43. Nxd2 Re2 44. Ne4 Re1+ 45. Kf2 Rb1 46. Rxb7 Bd4+ 47. Ke2 Rg1 48.
Kd3 Rxg2 49. Bf6 Bxf6 50. Nxf6+ Kf8 51. Nxh5 Rf2 52. f4 Ne7 53. Rb6 Nd5 54. Rb8+
Kf7 55. Kd4 Ne7 56. Rb6 Rd2+ 57. Kc3 Rd5 58. Rf6+ Kg8 59. g4 Rxa5 60. Re6 Kf7
61. Re1 Rc5+ 62. Kd4 Rd5+ 63. Kc4 Rd2 64. b3 Rg2 65. g5 Nf5 66. Re5 Kg6 67. Nf6
Rf2 68. Nd5 Nd6+ 69. Kb4 Kf7 70. g6+ Kf8 71. Re6 Ne8 72. Rxa6 Rd2 73. Nf6 Nc7
74. Rc6 Kg7 75. Rxc7+ Kxf6 76. Rc6+ Kf5 77. Ka5 Kxf4 78. b4 Ke5 79. b5 Kd5 80.
g7 Rg2 81. Rc7 Kd6 82. b6 Ra2+ 83. Kb5 Rg2 84. Ka6 Ra2+ 85. Kb7 Rg2 86. Kb8 Rg4
87. b7 Rg5 88. Kc8 1-0

[Event "FIDE World Bl Team Pool A"]
[Site "London ENG"]
[Date "2025.06.14"]
[Round "12.2"]
[White "Yatskar, Martin"]
[Black "Verbytski, Oleg"]
[Result "1-0"]
[WhiteTitle "CM"]
[WhiteElo "2225"]
[BlackElo "1994"]
[WhiteTeam "Berlin Lasker Legends"]
[BlackTeam "Chess Trust Accelerators"]
[WhiteFideId "34109676"]
[BlackFideId "495506"]
[EventDate "2025.06.14"]
[EventType "team"]

1. d4 d5 2. c4 e6 3. Nc3 Nf6 4. cxd5 exd5 5. Bg5 c6 6. e3 h6 7. Bh4 Be7 8. Bd3
O-O 9. Nge2 Re8 10. Qc2 Nbd7 11. a4 Nf8 12. a5 a6 13. O-O Ne6 14. f3 Bd7 15. Bf2
Rc8 16. e4 dxe4 17. Nxe4 Nd5 18. Bc4 Nf6 19. Qb3 Qc7 20. Bg3 Qd8 21. Qxb7 c5 22.
d5 Nd4 23. Qxa6 Nxe2+ 24. Bxe2 Nxd5 25. Qd3 Be6 26. Rfd1 c4 27. Qd2 f5 28. Nc3
Bc5+ 29. Bf2 Bxf2+ 30. Kxf2 Nxc3 31. Qxc3 Qg5 32. Bf1 Rb8 33. Kg1 Rb3 34. Qe5
Bf7 35. Qc5 Rxb2 36. a6 Rxg2+ 37. Bxg2 Re2 38. Qf2 Rxf2 39. Kxf2 Be8 40. a7 Bc6
41. a8=Q+ Bxa8 42. Rxa8+ Kh7 43. Ra2 Qf4 44. Kg1 Qe3+ 45. Kh1 Qb3 46. Rda1 c3
47. Ra3 Qb2 48. R3a2 Qb3 49. Rf2 c2 50. Rc1 Qe3 51. Rfxc2 Qe5 52. Rc5 Qf4 53.
Rd1 h5 54. Rd7 Kh6 55. Rcc7 Qe3 56. Rd1 g6 57. Rcd7 Kg5 58. R7d3 Qe2 59. R3d2
Qe7 60. Rf1 Kh6 61. f4 Qe3 62. Rd6 h4 63. h3 Qg3 64. Re6 Qd3 65. Ra1 Qd4 66.
Raa6 Qxf4 67. Rxg6+ Kh7 68. Rgc6 Qe3 69. Rc7+ Kg8 70. Ra8+ 1-0

[Event "FIDE World Bl Team Pool A"]
[Site "London ENG"]
[Date "2025.06.14"]
[Round "12.3"]
[White "Zhao, George"]
[Black "Kunz, Andre"]
[Result "1-0"]
[WhiteTitle "CM"]
[BlackTitle "CM"]
[WhiteElo "2124"]
[BlackElo "2128"]
[WhiteTeam "Chess Trust Accelerators"]
[BlackTeam "Berlin Lasker Legends"]
[WhiteFideId "494607"]
[BlackFideId "24623652"]
[EventDate "2025.06.14"]
[EventType "team"]

1. d4 d5 2. c4 dxc4 3. e3 e5 4. Bxc4 exd4 5. Nf3 Bb4+ 6. Bd2 Bxd2+ 7. Qxd2 dxe3
8. Bxf7+ Ke7 9. Qxd8+ Kxd8 10. fxe3 Nf6 11. O-O Ke7 12. Bb3 Nc6 13. Nc3 Bg4 14.
h3 Bh5 15. Nb5 Rac8 16. Nfd4 Nxd4 17. Nxd4 Bg6 18. Ne6 c5 19. Nxg7 c4 20. Ba4
Rhd8 21. Nf5+ Bxf5 22. Rxf5 Rd2 23. Re5+ Kd6 24. Rb5 Rg8 25. g4 h5 26. Rf5 Ne4
27. Rxh5 Rxb2 28. Rd1+ Nd2 29. Rf5 Rxa2 30. Bb5 Kc7 31. Bxc4 Nxc4 32. Rc5+ Kb6
33. Rxc4 Rf8 34. Rb1+ Ka6 35. Rc7 Rff2 36. Rbxb7 Rh2 37. Rxa7+ Kb6 38. Rxa2 Rxa2
39. Rf7 Kc5 40. Rf2 Ra3 41. Rf3 Kd5 42. Kg2 Ke4 43. Kg3 Ra1 44. Rf8 Kxe3 45. g5
Rg1+ 46. Kh4 Ke4 47. Kh5 Ke5 48. h4 Ke6 49. Kh6 Ke7 50. Rf2 Rh1 51. h5 Ke6 52.
g6 1-0

[Event "FIDE World Bl Team Pool A"]
[Site "London ENG"]
[Date "2025.06.14"]
[Round "12.4"]
[White "Stein, Theodor"]
[Black "Dicen, Elis Denele"]
[Result "0-1"]
[BlackTitle "WFM"]
[WhiteElo "1877"]
[BlackElo "2136"]
[WhiteTeam "Berlin Lasker Legends"]
[BlackTeam "Chess Trust Accelerators"]
[WhiteFideId "34602801"]
[BlackFideId "462560"]
[EventDate "2025.06.14"]
[EventType "team"]

1. Nf3 d5 2. g3 Nc6 3. d4 Bf5 4. c3 e6 5. Bg2 Nf6 6. O-O h6 7. Re1 Be7 8. Bf4
O-O 9. Nbd2 Bd6 10. Bxd6 Qxd6 11. Nh4 Bh7 12. e4 dxe4 13. Nxe4 Nxe4 14. Bxe4
Bxe4 15. Rxe4 Rad8 16. f4 Ne7 17. Nf3 c5 18. Qb3 Qc6 19. Rae1 b6 20. Ne5 Qc7 21.
Qc4 Rd5 22. dxc5 Rxc5 23. Qa4 Rd5 24. R1e2 Nf5 25. Kg2 Rfd8 26. Rc4 Qb7 27. Qc6
Qxc6 28. Rxc6 Rd2 29. Kf2 f6 30. Nc4 Rxe2+ 31. Kxe2 Re8 32. Rc7 Re7 33. Rc8+ Kf7
34. Ne3 Nxe3 35. Kxe3 Rd7 36. Ke2 f5 37. a4 g5 38. Rh8 Kg7 39. Re8 Kf7 40. Rh8
Kg7 41. Re8 Kf7 42. Rb8 Kf6 43. Rf8+ Kg7 44. Rc8 Kf6 45. Rc6 Kf7 46. a5 bxa5 47.
Rc5 Rb7 48. Rxa5 Rxb2+ 49. Kf3 Rb7 50. h4 Kf6 51. hxg5+ hxg5 52. Ra1 Rc7 53. Rc1
Rc4 54. Ke3 a5 55. Kd3 Rc5 56. c4 e5 57. fxe5+ Kxe5 58. Re1+ Kd6 59. Re2 a4 60.
Ra2 Ra5 61. Kd4 a3 62. Kc3 Kc5 63. Kb3 Ra8 64. Ra1 a2 65. Kc3 Ra3+ 66. Kc2 Kxc4
67. Kb2 Rxg3 68. Kxa2 Kd4 69. Rd1+ Ke5 70. Rd8 f4 71. Rf8 Ke4 72. Kb2 Rd3 73.
Kc2 Rd5 74. Kc3 g4 75. Kc4 Rd7 76. Re8+ Kf3 77. Rg8 g3 78. Rg6 g2 79. Kc3 Kf2
80. Rg4 f3 81. Kc2 g1=Q 0-1

[Event "FIDE World Bl Team Pool A"]
[Site "London ENG"]
[Date "2025.06.14"]
[Round "12.5"]
[White "Volovich, Julia"]
[Black "Ho, Ngoc Hai-Dang"]
[Result "1-0"]
[WhiteElo "1945"]
[BlackElo "1932"]
[WhiteTeam "Chess Trust Accelerators"]
[BlackTeam "Berlin Lasker Legends"]
[WhiteFideId "447099"]
[BlackFideId "16206509"]
[EventDate "2025.06.14"]
[EventType "team"]

1. d4 Nf6 2. c4 g6 3. Nc3 Bg7 4. e4 d6 5. Nf3 O-O 6. Be3 e5 7. Qc2 Nc6 8. dxe5
dxe5 9. Rd1 Qe7 10. Nd5 Nxd5 11. cxd5 Nb4 12. Qc5 Qxc5 13. Bxc5 Na6 14. Bxf8
Kxf8 15. Bxa6 bxa6 16. Rc1 Rb8 17. b3 Rb7 18. Ke2 Bd7 19. Rhd1 Bb5+ 20. Ke1 Ke7
21. Rc3 f6 22. Rdc1 Kd6 23. Nd2 Bh6 24. R1c2 Bxd2+ 25. Kxd2 a5 26. g4 Bd7 27. h3
f5 28. f3 h5 29. gxf5 gxf5 30. Rc5 fxe4 31. fxe4 Bxh3 32. Rc6+ Kd7 33. Rh6 Bg4
34. Rcc6 Rb4 35. Rh7+ Kd8 36. Ke3 Rb7 37. Rg6 Bd7 38. Rg8+ Be8 39. Rhh8 Kd7 40.
Rxe8 Kd6 41. Re6+ Kc5 42. Rxh5 a4 43. bxa4 Rb4 44. Rc6# 1-0

[Event "FIDE World Bl Team Pool A"]
[Site "London ENG"]
[Date "2025.06.14"]
[Round "12.6"]
[White "Schuster, Rebekka"]
[Black "Kendall, Arthur"]
[Result "0-1"]
[WhiteElo "1806"]
[BlackElo "1883"]
[WhiteTeam "Berlin Lasker Legends"]
[BlackTeam "Chess Trust Accelerators"]
[WhiteFideId "24674095"]
[BlackFideId "343410960"]
[EventDate "2025.06.14"]
[EventType "team"]

1. e4 e6 2. d3 d5 3. Qe2 Ne7 4. Nf3 c5 5. g3 Nbc6 6. Bg2 g6 7. O-O Bg7 8. e5 O-O
9. c4 Qc7 10. Bf4 b6 11. Nc3 Rd8 12. Nb5 Qb8 13. Nd6 Ba6 14. Ng5 Nd4 15. Qg4 h5
16. Qd1 Rf8 17. g4 h4 18. Qa4 Bb7 19. Qd7 Ne2+ 20. Kh1 Nxf4 21. Qxe7 Nxg2 22.
Kxg2 h3+ 23. Nxh3 Bxe5 0-1

[Event "FIDE World Bl Team Pool A"]
[Site "London ENG"]
[Date "2025.06.14"]
[Round "12.1"]
[White "Hansen, Eric"]
[Black "Sava, Robert-Gabriel"]
[Result "0-1"]
[WhiteTitle "GM"]
[BlackTitle "CM"]
[WhiteElo "2609"]
[BlackElo "2121"]
[WhiteTeam "ChessbrahTV"]
[BlackTeam "xChess.AI"]
[WhiteFideId "2606771"]
[BlackFideId "1265725"]
[EventDate "2025.06.14"]
[EventType "team"]

1. e4 e6 2. d4 d5 3. Nc3 Bb4 4. e5 b6 5. a3 Bf8 6. Bb5+ c6 7. Ba4 b5 8. Bb3 a5
9. Nce2 Ne7 10. Nf3 Nf5 11. c3 Be7 12. Nf4 Nd7 13. h4 h5 14. g3 g6 15. Bc2 Nb6
16. Ng5 Bd7 17. Bxf5 Bxg5 18. Bxe6 Bxf4 19. Bxd7+ Qxd7 20. Bxf4 O-O-O 21. O-O
Kb7 22. Re1 Rhe8 23. a4 Nxa4 24. Qb3 Ka6 25. Bg5 Rb8 26. Re3 Nb6 27. Rf3 a4 28.
Qc2 Kb7 29. Rf6 Re6 30. Rf4 Nc4 31. Ra2 Kb6 32. Qd3 Rb7 33. Qf3 Na5 34. Bh6 Qe8
35. Bg5 Nc4 36. Qd3 Na5 37. Kg2 Nc4 38. Bf6 Na5 39. Rf3 Nb3 40. Qd1 Kc7 41. Ra3
Na5 42. Bg5 Nc4 43. Ra2 Kb6 44. b3 axb3 45. Qxb3 Ra7 46. Rxa7 Kxa7 47. Qb4 Kb7
48. Rf4 Nd2 49. f3 Nc4 50. Bh6 Nb6 51. Bf8 Nd7 52. Bg7 Qe7 0-1

[Event "FIDE World Bl Team Pool A"]
[Site "London ENG"]
[Date "2025.06.14"]
[Round "12.2"]
[White "Rusu, Lucas"]
[Black "Ragnarsson, Dagur"]
[Result "1/2-1/2"]
[BlackTitle "IM"]
[WhiteElo "2038"]
[BlackElo "2349"]
[WhiteTeam "xChess.AI"]
[BlackTeam "ChessbrahTV"]
[WhiteFideId "42206472"]
[BlackFideId "2304058"]
[EventDate "2025.06.14"]
[EventType "team"]

1. e4 e5 2. Nf3 Nf6 3. Nxe5 d6 4. Nf3 Nxe4 5. Nc3 Nxc3 6. dxc3 Be7 7. Be3 Nd7 8.
Bd3 Ne5 9. Be2 Be6 10. Qd2 Qd7 11. O-O Nc4 12. Bxc4 Bxc4 13. Rfe1 O-O 14. Bd4 f6
15. b3 Bf7 16. c4 Rfe8 17. Rad1 Bf8 18. Qf4 Rxe1+ 19. Rxe1 Re8 20. Rxe8 Qxe8 21.
Qe3 a6 22. h3 Qxe3 23. Bxe3 Bg6 24. Ne1 Kf7 25. Kf1 Ke6 26. Ke2 d5 27. cxd5+
Kxd5 28. c4+ Kc6 29. Nd3 b5 30. cxb5+ axb5 31. f3 Bf7 32. Kd2 g5 33. Kc3 h6 34.
Bd4 Be7 35. a4 bxa4 36. bxa4 Kd5 37. a5 c5 38. Bf2 Kc6 39. a6 Kb6 40. a7 Kxa7
41. Bxc5+ Bxc5 42. Nxc5 Kb6 43. Nd7+ Kc6 44. Nxf6 Kd6 45. Kd4 Ke6 46. Ne4 Be8
47. Ke3 Bb5 48. Kf2 Ke5 49. g4 Bc6 50. Ke3 Bb7 51. Ng3 Bc8 52. Nh5 Bb7 53. Ng7
Bc8 54. Nh5 Bb7 55. Ng3 Bc8 56. Ne2 Ba6 57. f4+ gxf4+ 58. Nxf4 Kf6 59. Kf3 Bb7+
60. Kg3 Bc6 61. Nh5+ Kg6 62. Kf4 Bd7 63. Ng3 Bc8 64. h4 Kf6 65. Ne4+ Kg6 66. Nd6
Bd7 67. h5+ Kh7 68. Ne4 Kg7 69. g5 hxg5+ 70. Kxg5 Ba4 71. h6+ Kh8 72. Nf6 Bc2
73. Kh5 Bd1+ 74. Kg6 Bc2+ 75. Kg5 Bb1 76. Nd5 Kh7 77. Ne7 Bc2 78. Nd5 Bb1 79.
Nb4 Be4 80. Nc2 Bxc2 81. Kf4 Kxh6 1/2-1/2

[Event "FIDE World Bl Team Pool A"]
[Site "London ENG"]
[Date "2025.06.14"]
[Round "12.3"]
[White "Delaney, Killian"]
[Black "Badescu, Matei-Andrei"]
[Result "1/2-1/2"]
[WhiteTitle "FM"]
[WhiteElo "2275"]
[BlackElo "1947"]
[WhiteTeam "ChessbrahTV"]
[BlackTeam "xChess.AI"]
[WhiteFideId "2501570"]
[BlackFideId "42213096"]
[EventDate "2025.06.14"]
[EventType "team"]

1. e4 c5 2. c3 Nf6 3. e5 Nd5 4. Bc4 Nb6 5. Bb3 d5 6. exd6 Qxd6 7. Nf3 Nc6 8. Na3
a6 9. O-O e6 10. d4 cxd4 11. Nxd4 Nxd4 12. cxd4 Be7 13. Qf3 O-O 14. Bf4 Qd8 15.
Rac1 Bd6 16. Rfd1 Bxf4 17. Qxf4 Bd7 18. d5 exd5 19. Bxd5 Nxd5 20. Rxd5 Qe8 21.
Rg5 Bc6 22. Qf6 g6 23. h4 Qd8 24. Qf4 Qb8 25. Qxb8 Raxb8 26. Nc4 Rfe8 27. Ne5 f6
28. Nxc6 bxc6 29. Ra5 Rxb2 30. Rxa6 Re6 31. a4 Ra2 32. Ra7 Rae2 33. Kf1 Ra2 34.
Rd1 Re8 35. g3 c5 36. Rdd7 c4 37. Rg7+ Kh8 38. Rxh7+ Kg8 39. Rag7+ Kf8 40. Rxg6
c3 41. Rc7 c2 42. Kg2 Re1 43. Rxf6+ Ke8 44. Rfc6 Re2 45. h5 Rxf2+ 46. Kh3 Rh2+
47. Kg4 Rxa4+ 48. Kf5 Rxh5+ 49. Kg6 Rd5 50. Rxc2 Rg4+ 51. Kf6 Rxg3 52. Ke6 Rd8
53. Re2 Kf8 54. Rh2 Re8+ 55. Kf5 Rf3+ 56. Kg4 Rf7 57. Rh8+ Kg7 58. Rxf7+ Kxf7
59. Rxe8 Kxe8 1/2-1/2

[Event "FIDE World Bl Team Pool A"]
[Site "London ENG"]
[Date "2025.06.14"]
[Round "12.4"]
[White "Sava, Christiansen-Danut-Eugen"]
[Black "Vincent, Trevor"]
[Result "0-1"]
[WhiteTitle "FM"]
[WhiteElo "2002"]
[BlackElo "2226"]
[WhiteTeam "xChess.AI"]
[BlackTeam "ChessbrahTV"]
[WhiteFideId "1210114"]
[BlackFideId "2605600"]
[EventDate "2025.06.14"]
[EventType "team"]

1. d4 Nf6 2. c4 g6 3. Nc3 d5 4. Qb3 dxc4 5. Qxc4 Be6 6. Qd3 Nc6 7. Nf3 Bg4 8. d5
Bxf3 9. gxf3 Ne5 10. Qd4 Ned7 11. e4 Bg7 12. Be3 O-O 13. Qd2 c6 14. dxc6 bxc6
15. Be2 Qa5 16. O-O e5 17. Rac1 Rfd8 18. Nd5 Qxd2 19. Nxf6+ Nxf6 20. Bxd2 Rxd2
21. Ba6 Rxb2 22. Rxc6 Rb6 23. Rxb6 axb6 24. Bc4 Bf8 25. Rd1 Bc5 26. Kg2 Bd4 27.
Rb1 Rc8 28. Bb3 Nh5 29. h4 Nf4+ 30. Kg3 Rc3 31. Kg4 Bxf2 32. Rd1 h5+ 33. Kg5 Kg7
34. Rd7 Nh3# 0-1

[Event "FIDE World Bl Team Pool A"]
[Site "London ENG"]
[Date "2025.06.14"]
[Round "12.5"]
[White "Garcia Martin, Marta"]
[Black "Badescu, Eliza-Ioana"]
[Result "1-0"]
[WhiteTitle "IM"]
[WhiteElo "2339"]
[BlackElo "1832"]
[WhiteTeam "ChessbrahTV"]
[BlackTeam "xChess.AI"]
[WhiteFideId "32084030"]
[BlackFideId "42214890"]
[EventDate "2025.06.14"]
[EventType "team"]

1. e4 c6 2. d4 d5 3. e5 c5 4. Nf3 Nc6 5. dxc5 Bg4 6. c3 e6 7. Be3 Bxf3 8. Qxf3
Nxe5 9. Bb5+ Nc6 10. O-O Nf6 11. c4 Be7 12. Nc3 O-O 13. cxd5 exd5 14. Rfd1 Ne5
15. Qf5 Qc7 16. Bf4 Qxc5 17. Bxe5 a6 18. Bd3 g6 19. Qf3 Qc6 20. Bxf6 Bxf6 21.
Nxd5 Bd8 22. Rac1 Qd7 23. Bc4 Qc6 24. Bb3 Qd7 25. Nf6+ Bxf6 26. Rxd7 Bg7 27.
Rxf7 Rxf7 28. Qxf7+ Kh8 29. Rc7 Rg8 30. Qxg8# 1-0